000
00213 a2200097 4500
001
23440
100
_a
Danielson, G L
245
_a
Radio and line Transmission
260
_a
_b
Iliffe
_c
1969
090
_c
15833
_d
15833
942
_a
NUST-CAE
_c
M
_c
6484
999
_c
258513
_d
258513